000 00747cam a2200241 4500
008
020 _a0136856365
049 _aMAIN
090 _aQD381
100 1 _aWilliams, David John.
245 1 0 _aPolymer science and engineering
_c[by] David J. Williams.
260 _aEnglewood Cliffs, N.J.,
_bPrentice-Hall
_c[1971]
300 _axiii, 401 p.
_billus.
_c24 cm.
440 0 _aPrentice-Hall international series in the physical and chemical engineering sciences
504 _aBibliography: p. 389-391.
650 0 _aPolymers.
650 0 _aPolymerization.
907 _a.b10020342
_b28-05-13
_c17-04-03
003
005 20230123133529.0
040 _cNUST
942 _cBOOKS
_kQD381
999 _c150184
_d150184